Les langues officielles en Europe - Statistiques

Statistiques générales
  • Ce quiz a été pris 233 fois
  • Le résultat moyen est 60 sur 69
Statistiques - réponses
Pays Langue % Correct
Anglais
100%
Anglais
100%
Royaume-Uni Anglais
100%
Espagne Espagnol
100%
Français
100%
France Français
100%
Français
100%
Monaco Français
100%
Français
100%
Français
100%
Russe
100%
Russie Russe
100%
Allemagne Allemand
99%
Autriche Allemand
99%
Allemand
99%
Liechtenstein Allemand
99%
Allemand
99%
Suisse Allemand
99%
Allemand
99%
Italie Italien
99%
Saint-Marin Italien
99%
Italien
99%
Italien
99%
Belgique Néerlandais
97%
Pays-Bas Néerlandais
97%
Portugal Portugais
97%
Croate
96%
Croatie Croate
96%
Croate
96%
Grèce Grec
96%
Serbe
96%
Serbe
96%
Serbe
96%
Serbie Serbe
96%
Norvège Norvégien
95%
Moldavie Roumain
95%
Roumanie Roumain
95%
Ukraine Ukrainien
95%
Hongrie Hongrois
94%
Suédois
94%
Suède Suédois
94%
Bulgarie Bulgare
93%
Danemark Danois
92%
Islande Islandais
92%
Pologne Polonais
92%
Slovaquie Slovaque
91%
Estonie Estonien
90%
Lettonie Letton
89%
Tchéquie Tchèque
89%
Albanie Albanais
88%
Kosovo Albanais
88%
Albanais
88%
Albanais
88%
Slovénie Slovène
87%
Irlande Irlandais
86%
Lituanie Lituanien
84%
Finlande Finnois
75%
Luxembourg Luxembourgeois
74%
Malte Maltais
74%
Biélorussie Biélorusse
70%
Vatican Latin
68%
Macédoine du Nord Macédonien
67%
Bosnie-Herzégovine Bosnien
60%
Bosnien
60%
Andorre Catalan
53%
Romanche
49%
Monténégro Monténégrin
42%
Mirandais
9%
Same
9%
Aucun quiz correspondant
Distribution des résultats
% des personnes avec chaque résultat
Percentile par nombre de réponses
Votre historique - résultats
Vous n’avez pas pris ce quiz